00520nam a2200169Ia 4500003000400000005001700004008004100021020002900062040001700091082001900108100002200127245010400149260002800253300001600281650002400297700002900321IIN20240124154503.0231217s9999 xx 000 0 und d cRs.350.00a9788184482102 aIINbEnglish a610.7307 bMOY1 aMoyer, Barbara A.1 aNursing Education:bFoundation for Practice ExcellencecBarbara A. Moyer and Ruth A. Wittmann-Price bJaypeeaNew Delhic2008 axix, 320 p.1 aEducationvNursing 1 aWittmann-Price, Ruth A.